[Event "Valjevo"]
[Site "Valjevo"]
[Date "2000.06.18"]
[Round "2"]
[White "Velimirovic, Dragoljub"]
[Black "Markovic, Miroslav"]
[Result "0-1"]
[WhiteElo "2558"]
[BlackElo "2586"]
[Annotator "Stohl,I"]
[PlyCount "146"]
[EventDate "2000.06.17"]
[EventType "tourn"]
[EventRounds "13"]
[EventCountry "YUG"]
[EventCategory "9"]
[Source "ChessBase"]
[SourceDate "2000.07.11"]
[WhiteTeamCountry "YUG"]
[BlackTeamCountry "RUS"]

1. e4 c6 2. d4 Na6 $5 {A bizarre move, allegedly half-jokingly suggested by
Kavalek. Black obviously has respect before Velimirovic's Sicilian experience,
the Yugoslav GM has won many an effective game with his trademark Bc4 systems
by sacrificing somewhere on e6, d5 or f5. But he used to play worse in
posiitons with a closed centre, so Black's choice has also a psychological
background. On the whole 2...Na6!? is original and interesting, but it gives
White a free hand in the [+] and more than one way to get a comfortable
position.} ({A similar idea is} 2... g6 3. Nc3 d5 4. h3 Bg7 5. Nf3 Nf6 6. e5
Nfd7 7. Bf4 Nf8 8. Qd2 h6 9. Be2 b6 10. Be3 Ba6 11. Bxa6 Nxa6 12. Nh2 Nc7 13.
f4 f5 14. exf6 exf6 15. f5 g5 16. h4 Qd7 17. Qd3 O-O-O 18. O-O-O Ne8 19. Nf1
Nd6 20. hxg5 fxg5 21. g4 Nh7 22. Nd2 Nf6 $132 {Jaracz,P-Blatny,P/Budapest zt/
2000/ In our game Black will do without the fianchetto and use the g7-square
for a different purpose.}) 3. f4 {Already this move is not the best, as by
placing pawns on the dark squares White limits his Bc1.} ({
Nobody has yet tested} 3. Bxa6 $5 Qa5+ 4. Nc3 Qxa6 5. Nge2 $32 {[+],->}) ({
A less committal choice is} 3. Nf3 g6 4. c4 (4. c3 Nc7 5. Bd3 {
is even more popular}) 4... d6 5. Nc3 Bg7 6. Be2 Nc7 7. O-O Nh6 8. d5 O-O 9.
Bf4 f5 10. e5 $1 $36 {()} (10. Qd2 Nf7 11. exf5 Bxf5 12. Rad1 e5 13. dxe6 Nxe6
14. Be3 {Gufeld,E-Miles,A/Beijing/1996/} Qf6 $11 {<=> After this game Miles
practically abandoned 2...Na6 and it's main practitioner remains Markovic.})) (
{White most often plays} 3. Nc3 Nc7 4. Nf3 g6 5. h4 h5 6. Bf4 d6 7. Qd2 Nf6 8.
O-O-O Ne6 9. Be3 Bg7 10. Ng5 Qa5 11. f3 d5 12. exd5 $6 (12. e5 $142 $14) 12...
Nxg5 13. Bxg5 Nxd5 14. Nxd5 Qxd2+ 15. Rxd2 cxd5 16. Bd3 Bf5 17. Re1 Bxd3 18.
Rxd3 e6 19. Rb3 b6 20. c3 Kd7 21. Kd2 Rhc8 $11 {
/=/+, Todorov,T-Markovic,M/Valjevo/2000/}) 3... g6 4. Nf3 (4. Nc3 Nc7 5. Nf3 d5
6. e5 h5 7. Be3 Nh6 8. h3 $6 (8. Bd3 $142) 8... Bf5 9. Be2 Be4 $1 10. g4 $2
hxg4 11. hxg4 Nxg4 $1 12. Rxh8 Nxe3 $19 {Kuijf,H-Hodgson,J/Groningen EU-chJ/
1982/ This game illustrates Black has not only strategic, but also tactical
possibilities.}) 4... d5 5. e5 h5 {
Black starts realizing his light-square strategy.} 6. c3 Nh6 (6... Nc7 {
was more circumspect, but Black wants to meet Bd3 with Bf5. The exchange of
light-squared B is one of his main motives in the arising pawn structure.}) 7.
Nbd2 (7. Bxa6 bxa6 {
/\a5,Ba6,e6,c5<=> gives Black enough play, after the violent} 8. c4 dxc4 $1 9.
Qa4 Qb6 10. Qxc4 Be6 {/\Bd5 White misses his Bf1 dearly.}) 7... Nc7 8. Be2 b6
9. Nf1 Ne6 {In this blockaded position time doesn't play a major role, it's
important for Black to prevent a premnature opening of the position.} ({
In this sense} 9... Ba6 $143 $6 10. Bxa6 Nxa6 11. e6 $1 $40) 10. Ng3 $6 {
But this is not valid for White, if he wants to get Black's solid position
under pressure he can't afford to lose tempi. Here the N is misplaced and will
end up on h1.} (10. b3 $142 Ng7 11. c4 $13 {/+/=()} (11. Ne3 $5)) (10. c4 $142
$5 {/\} Nf5 11. cxd5 Qxd5 12. Ne3 $36) 10... Ng7 $1 11. Be3 a5 12. b3 e6 13.
O-O (13. c4 h4 $5 14. Nf1 Ngf5 $36) 13... Ng4 14. Bd2 h4 15. Nh1 Nf5 16. Qc1
Ba6 {The opening is over and Black has achieved his maximum in a model way.}
17. Bxa6 Rxa6 18. h3 $6 {
After this weakening White will have no active chances on the >>.} ({
Less ambitious, but better was} 18. Nf2 $142 $11) 18... Ngh6 19. Be1 ({
More natural is} 19. Nf2 Ng3 20. Re1 Nhf5 $11 {/=/+}) 19... Be7 20. Bf2 {><Nh1}
Ra8 21. Qd2 (21. c4 $5 $132) 21... Rc8 22. b4 {White makes a further
concession just to achieve a nearly full blockade. But with 5-6 pawns on dark
squares the Bf2 will be a cripple.} ({Again more active was} 22. c4 $5 Kf8 $5
$11 {/=/+,/\Kg7 Black has a nice position, but he must also reckon with
White's counterplay till he fully coordinates his forces.} (22... O-O $11 {
/=/+,}) (22... Ng7 {/\Nhf5})) 22... a4 $1 {
Limits also Black's chances, but this patient move is probably the best.} (
22... axb4 $143 23. cxb4 c5 24. dxc5 bxc5 25. bxc5 (25. b5 $5 $13) 25... Bxc5
26. Rfb1 $36 {only helps White to activate his pieces, Black's N are not so
well placed when the position opens up.}) (22... b5 $6 23. a4 $1 axb4 24. cxb4
bxa4 25. Rxa4 Qb6 26. Rfa1 $14 {
After Be1,Nf2,Qc3 and Nd3 ><c6 will be a more serious weakness than Pb4.}) 23.
Rfe1 (23. b5 $6 cxb5 24. Rfb1 Qd7 25. Qb2 O-O $17 {<->c}) 23... b5 $15 {
Black is slightly better with his outpost on f5 and better B, but his chances
to open the position with a timely f6 or g5 are rather vague and can hardly
come to be without White's help. Now an instructive manoeuvring phase begins,
first both sides evacuate their K from the possible scene of action.} 24. Kf1
Kd7 25. Ke2 Ng8 26. Bg1 Rh5 27. Bh2 Ng7 28. Rf1 Nh6 29. Nf2 Nhf5 30. Ng4 Kc7
31. Rae1 Kb7 32. Kd1 Ne8 $1 (32... g5 $6 {
would only weaken his >>, so Black first aims his passive N for the ><c4.}) 33.
Qe2 Nc7 34. Ne3 Rh8 35. Kc1 Na8 36. Nxf5 $2 {A serious concession, now Black
gets the open file he needs on a silver platter.} ({
The defender's task is psychologically tough, as he can only sit and wait.} 36.
Kc2 $142 Nb6 37. Nd2 Nxe3+ 38. Qxe3 Rh5 $15 {/\Rf5,Qg8-g7,Rg8,g5 But realizing
this plan costs time, White can also preventively play Rf2 and Ref1 and again
opening the position is not without risk.}) 36... gxf5 $17 {/=/+} 37. Rg1 Nb6
38. Nd2 (38. g4 hxg3 39. Rxg3 Bh4 40. Nxh4 Qxh4 $17 {
Therefore White must remain passsive.}) 38... Qf8 39. a3 {Later the pawn will
be weak here and White can't let the N to c4, so perhaps it was better to do
without this move.} Qh6 40. Ref1 Rcg8 41. Rf3 Rg6 42. Kd1 Rhg8 43. Ke1 Bd8 44.
Kd1 R8g7 45. Re3 Nd7 46. Qf3 Qh8 47. Ke1 $6 {White should have kept his K on
the <<, protecting c3, he can cover g2 by Re2. But even here a well timed f6
and fxe5 gives Black good winning chances.} Qg8 48. Kf1 f6 $1 49. Re2 (49. exf6
$2 Nxf6 {/\Ne4 spells positional capitulation.}) 49... Qh7 ({
The time was already ripe for} 49... fxe5 $142 50. fxe5 (50. dxe5 $6 Bb6 51.
Rh1 c5 $5 $17 {->,><Rh1} (51... Rg3 52. Bxg3 Rxg3 53. Qh5 Rxc3 54. Qxh4 Bd8 {
/\Ra3-/+})) 50... Rg3 $1 (50... Nf8 51. Qf2 Nh7 52. Nf3 {
and the N won't get to e4 via g5.}) 51. Bxg3 Rxg3 52. Qf2 Rxc3 53. Re3 Rxe3 (
53... Rc2 54. g4 $1 $13 {<=>}) 54. Qxe3 Bg5 55. Qd3 Bxd2 56. Qxd2 Qg3 $17 {
/\Nb6-c4,><a3}) 50. Ke1 $2 (50. Qf2 $17 {stops the sacrificial motive.}) 50...
fxe5 51. fxe5 Rg3 $1 $40 52. Bxg3 Rxg3 53. Qf2 (53. Qf4 $2 Bg5) 53... Rxc3 54.
Re3 Rc2 55. Qf4 (55. Rf1 Bg5 56. Rd3 Nb6 $17 {
/-+ Black's pressure is unbearable.}) (55. g4 $2 hxg3 {/\Bh4}) 55... Nf8 $1 (
55... Qg6 56. Nf3 Rxg2 (56... Qg3+ $5) 57. Rxg2 Qxg2 58. Qh2 $1 $15 {
enables White to exchange the active black R and continue the fight.} (58. Nxh4
$2 Qg1+ 59. Ke2 Bg5 $19)) (55... Nb6 $5 $40) 56. Re2 (56. Rd3 Ng6 57. Qf3 Bg5 {
is hardly any better, but now Black could have won by force.}) 56... Rc3 57.
Re3 Rc2 (57... Ng6 $142 58. Qf2 (58. Qf3 Rc1+ 59. Kf2 Rxg1 60. Kxg1 Bb6 $19 {
><d4,e5}) 58... Rc1+ 59. Ke2 Nf4+ $1 (59... Qh5+ 60. Qf3 Rxg1 61. Qxh5 Nf4+ 62.
Kf2 Rxg2+ 63. Kf3 Nxh5 64. Kxg2 Bg5 65. Kf2 Bxe3+ 66. Kxe3 {
only complicates matters.}) 60. Qxf4 (60. Kf3 $2 Qh5+ 61. Kxf4 Bg5#) 60... Rxg1
$19 {Black has a material and positional advantage.}) 58. Re2 Ra2 $2 (58... Rc3
59. Re3 Ng6 {-57...Ng6}) 59. Nf3 $2 {
After the loss of both <<P White's position becomes untenable.} (59. Re3 $2 Ng6
60. Qf3 Bb6 61. Rd3 Nxe5 $19) (59. Qf3 $8 {
/\Qc3,Nf3 Now it's difficult to see any advantage for Black, let alone a win.}
Ng6 (59... Qg6 60. Qc3 Qg3+ 61. Qxg3 hxg3 62. Nb1 Ra1 63. Kd2 $14 {/\Kc3-b2})
60. Qc3 Nf4 61. Rf2 $14) 59... Rxa3 60. Kf2 Rb3 61. Rc1 Rxb4 $19 {
The rest is relatively simple.} 62. Rec2 Rc4 63. Kf1 Qe7 64. g3 hxg3 65. Qxg3
Qa3 66. Kg2 (66. Rxc4 dxc4 {costs a tempo.}) 66... Kb6 {
Prophylaxis before the << pawns start moving} 67. h4 Qb3 (67... Qd3 $1 $19) 68.
Rxc4 (68. Ne1 Rxc2+ (68... Be7 $5 {/\Bb4,Ba3-+}) 69. Rxc2 Qxg3+ 70. Kxg3 b4 $19
) 68... dxc4 69. Rh1 Qc2+ 70. Kh3 a3 71. Qg7 Qf2 72. Ng5 (72. Qxf8 Qxf3+ 73.
Kh2 Qf2+ 74. Kh3 Qxh4+ 75. Kg2 Qe4+ $19 {would prolong the hopeless struggle.})
72... Bxg5 73. hxg5 f4 (73... f4 74. Kg4 $8 Qg3+ 75. Kh5 Qf3+ $19) 0-1

[Event "Valjevo"]
[Site "Valjevo"]
[Date "2000.06.19"]
[Round "3"]
[White "Sedlak, Nikola"]
[Black "Velimirovic, Dragoljub"]
[Result "1-0"]
[WhiteElo "2323"]
[BlackElo "2558"]
[PlyCount "151"]
[EventDate "2000.06.17"]
[EventType "tourn"]
[EventRounds "13"]
[EventCountry "YUG"]
[EventCategory "9"]
[Source "ChessBase"]
[SourceDate "2000.07.11"]
[WhiteTeamCountry "YUG"]
[BlackTeamCountry "RUS"]

1. e4 c5 2. Nf3 Nc6 3. d4 cxd4 4. Nxd4 g6 5. Nc3 Bg7 6. Be3 Nf6 7. Bc4 O-O 8.
Bb3 d6 9. h3 Bd7 10. O-O Nh5 11. Nf5 Bxf5 12. exf5 Nf6 13. fxg6 hxg6 14. Nd5
Nxd5 15. Bxd5 e6 16. Bf3 Bxb2 17. Rb1 Bg7 18. Rxb7 d5 19. Qd2 Na5 20. Bg5 Qc8
21. Rb5 Nc4 22. Qb4 Ne5 23. Bd1 Nc6 24. Qa4 Nd4 25. Rb4 e5 26. Bg4 f5 27. Rxd4
exd4 28. Bf3 Kh7 29. Bxd5 Rb8 30. Qxa7 Rb5 31. Bb3 f4 32. Be7 Rb7 33. Qc5 Rc7
34. Qd6 Rc6 35. Qd5 Rf5 36. Qf3 Rc3 37. Qg4 f3 38. Bg5 Bh6 39. Bxh6 Kxh6 40.
Qh4+ Rh5 41. Qf4+ Kh7 42. Re1 Rc7 43. Qxf3 Qd8 44. Re6 Rf5 45. Qe4 d3 46. Qxd3
Qxd3 47. cxd3 Rc1+ 48. Kh2 Rxf2 49. Bd5 Kg7 50. Re7+ Kf8 51. Ra7 Ra1 52. a4 g5
53. Kg3 Rf5 54. Be4 Re5 55. Kf3 Re1 56. Kg4 Rf1 57. g3 Rf7 58. Ra8+ Kg7 59. a5
Rf1 60. a6 Ra5 61. Rb8 Rxa6 62. Rb5 Kf6 63. Rxg5 Ra7 64. Rg6+ Kf7 65. h4 Ra5
66. Rb6 Kg7 67. h5 Rf6 68. Rb7+ Kg8 69. Kh4 Re5 70. g4 Kh8 71. Rb8+ Kg7 72. Rd8
Rf2 73. Rd6 Rf6 74. Rxf6 Kxf6 75. h6 Ra5 76. g5+ 1-0

[Event "Valjevo"]
[Site "Valjevo"]
[Date "2000.06.20"]
[Round "4"]
[White "Velimirovic, Dragoljub"]
[Black "Gross, David"]
[Result "1/2-1/2"]
[WhiteElo "2558"]
[BlackElo "2465"]
[PlyCount "111"]
[EventDate "2000.06.17"]
[EventType "tourn"]
[EventRounds "13"]
[EventCountry "YUG"]
[EventCategory "9"]
[Source "ChessBase"]
[SourceDate "2000.07.11"]
[WhiteTeamCountry "YUG"]
[BlackTeamCountry "RUS"]

1. e4 e5 2. Nf3 Nc6 3. Bb5 a6 4. Ba4 Nf6 5. O-O Bc5 6. Nxe5 Nxe5 7. d4 b5 8.
Bb3 Bxd4 9. Qxd4 d6 10. c3 O-O 11. f3 c5 12. Qd1 Bb7 13. Bg5 h6 14. Bh4 Ng6 15.
Bg3 d5 16. exd5 Nxd5 17. Bxd5 Qxd5 18. Qxd5 Bxd5 19. Nd2 Rfe8 20. Nb3 Bxb3 21.
axb3 Re2 22. Rf2 Rae8 23. Kf1 R2e6 24. Rd2 Ne7 25. Bf2 c4 26. bxc4 bxc4 27. Ra4
Rc8 28. Re2 Rxe2 29. Kxe2 Rb8 30. Ra2 Nd5 31. g3 f5 32. Kd2 h5 33. Bd4 f4 34.
Kc1 Re8 35. Ra5 Re1+ 36. Kd2 Rh1 37. Rxd5 Rxh2+ 38. Ke1 fxg3 39. Rg5 h4 40.
Rxg7+ Kf8 41. Rg4 Rh1+ 42. Ke2 h3 43. Rxg3 h2 44. Rh3 Rb1 45. Bc5+ Kf7 46. Ke3
h1=Q 47. Rxh1 Rxh1 48. Kd4 Rh4+ 49. Kd5 Rf4 50. Bd4 Ke7 51. Kxc4 Kd6 52. b4 Kc6
53. Kd3 Rxf3+ 54. Ke4 Rh3 55. c4 Rb3 56. b5+ 1/2-1/2

[Event "Valjevo"]
[Site "Valjevo"]
[Date "2000.06.21"]
[Round "5"]
[White "Vuckovic, Bojan"]
[Black "Velimirovic, Dragoljub"]
[Result "1/2-1/2"]
[WhiteElo "2427"]
[BlackElo "2558"]
[PlyCount "149"]
[EventDate "2000.06.17"]
[EventType "tourn"]
[EventRounds "13"]
[EventCountry "YUG"]
[EventCategory "9"]
[Source "ChessBase"]
[SourceDate "2000.07.11"]
[WhiteTeamCountry "YUG"]
[BlackTeamCountry "RUS"]

1. e4 c5 2. Nf3 Nc6 3. d4 cxd4 4. Nxd4 g6 5. c4 Bg7 6. Be3 Nf6 7. Nc3 d6 8. Be2
O-O 9. O-O a6 10. Qd2 Nxd4 11. Bxd4 Be6 12. f3 Qa5 13. Rab1 Rfc8 14. b4 Qd8 15.
Nd5 Bxd5 16. exd5 Nd7 17. Bf2 a5 18. a3 axb4 19. axb4 Ra3 20. Rfc1 b6 21. f4
Rca8 22. Bg4 Nf6 23. Bf3 Nd7 24. Bg4 R8a7 25. Bxd7 Rxd7 26. c5 dxc5 27. bxc5
bxc5 28. Rxc5 Qa8 29. Rbc1 Ra1 30. Be3 h5 31. h3 Rxc1+ 32. Qxc1 Qa2 33. Qd1 Rb7
34. Kh2 Rb1 35. Rc1 Rb2 36. Qf3 Bf6 37. Qe4 Qa3 38. Rc8+ Kg7 39. Bd4 Qb4 40.
Bxf6+ exf6 41. Rc4 Qd2 42. Rd4 Qf2 43. Rd3 h4 44. Qf3 Qxf3 45. Rxf3 Rd2 46. Ra3
Rxd5 47. Ra4 Rd2 48. Kg1 Kf8 49. Kf1 Ke7 50. Ra7+ Ke6 51. f5+ Kxf5 52. Rxf7 g5
53. Kg1 Ke5 54. Kh2 f5 55. Ra7 Ke4 56. Ra4+ Rd4 57. Ra3 Rb4 58. Ra5 Kf4 59. Ra3
Rd4 60. Rf3+ Ke4 61. Ra3 f4 62. Rb3 Rd3 63. Rb5 Rg3 64. Rb4+ Kd3 65. Rb3+ Kc4
66. Rb8 f3 67. gxf3 Rxf3 68. Rg8 Rf5 69. Kg2 Kd4 70. Ra8 Rb5 71. Ra4+ Ke5 72.
Rg4 Rb2+ 73. Kg1 Kf5 74. Kh1 Re2 75. Kg1 1/2-1/2

[Event "Valjevo"]
[Site "Valjevo"]
[Date "2000.06.23"]
[Round "7"]
[White "Anka, Emil"]
[Black "Velimirovic, Dragoljub"]
[Result "1-0"]
[WhiteElo "2474"]
[BlackElo "2558"]
[PlyCount "99"]
[EventDate "2000.06.17"]
[EventType "tourn"]
[EventRounds "13"]
[EventCountry "YUG"]
[EventCategory "9"]
[Source "ChessBase"]
[SourceDate "2000.07.11"]
[WhiteTeamCountry "YUG"]
[BlackTeamCountry "RUS"]

1. e4 c5 2. Nf3 Nc6 3. d4 cxd4 4. Nxd4 Nf6 5. Nc3 g6 6. Nxc6 bxc6 7. e5 Ng8 8.
Qf3 f5 9. Bf4 e6 10. Bc4 Rb8 11. b3 Nh6 12. h4 Nf7 13. Qe3 Qa5 14. Kf1 Bc5 15.
Qd3 Bb4 16. Rh3 h6 17. Na4 Rg8 18. a3 Be7 19. Qe2 Rg7 20. Bh2 g5 21. hxg5 hxg5
22. f4 g4 23. Rh5 Bb7 24. Bg3 c5 25. Be1 Qc7 26. Nc3 Bc6 27. Rd1 Kf8 28. Nb5
Qb7 29. a4 Rg6 30. Bc3 Kg8 31. Nd6 Qc7 32. Nxf7 Kxf7 33. Rxf5+ Kg7 34. Rh5 Rh8
35. Rxh8 Kxh8 36. Rd3 Qd8 37. Rg3 Qg8 38. f5 Bh4 39. fxg6 Bxg3 40. Qe3 Qf8+ 41.
Ke2 Bh4 42. Be1 Bxe1 43. Kxe1 Kg7 44. Bd3 Qh8 45. g3 Qh1+ 46. Kd2 c4 47. bxc4
Bf3 48. Qe1 Qh8 49. Qg1 Qf8 50. Qh2 1-0

[Event "Valjevo"]
[Site "Valjevo"]
[Date "2000.06.25"]
[Round "8"]
[White "Velimirovic, Dragoljub"]
[Black "Kozakov, Mikhail"]
[Result "1-0"]
[WhiteElo "2558"]
[BlackElo "2426"]
[PlyCount "77"]
[EventDate "2000.06.17"]
[EventType "tourn"]
[EventRounds "13"]
[EventCountry "YUG"]
[EventCategory "9"]
[Source "ChessBase"]
[SourceDate "2000.07.11"]
[WhiteTeamCountry "YUG"]
[BlackTeamCountry "RUS"]

1. e4 e5 2. Nf3 Nc6 3. Bb5 a6 4. Ba4 Nf6 5. O-O Be7 6. Re1 b5 7. Bb3 O-O 8. c3
d6 9. h3 Nd7 10. d4 Bf6 11. a4 Bb7 12. Na3 Nb6 13. Be3 Na5 14. dxe5 dxe5 15.
Bxb6 cxb6 16. axb5 axb5 17. Ba2 Ba6 18. Bd5 Rc8 19. b4 Nc6 20. Nc2 Nb8 21. Re3
Qc7 22. Rd3 Bb7 23. Ne3 Nc6 24. Bb3 Ne7 25. Rd7 Qb8 26. Ng4 Ng6 27. Nxf6+ gxf6
28. Nh2 Kg7 29. Ng4 Bc6 30. Qf3 Nf4 31. Re7 Rce8 32. Rxe8 Rxe8 33. Ne3 Bd7 34.
Qg3+ Kh8 35. Qh4 Rg8 36. Qxf6+ Rg7 37. Rd1 Qe8 38. Nf5 Nh5 39. Nxg7 1-0

[Event "Valjevo"]
[Site "Valjevo"]
[Date "2000.06.26"]
[Round "9"]
[White "Perunovic, Milos"]
[Black "Velimirovic, Dragoljub"]
[Result "1/2-1/2"]
[WhiteElo "2384"]
[BlackElo "2558"]
[PlyCount "101"]
[EventDate "2000.06.17"]
[EventType "tourn"]
[EventRounds "13"]
[EventCountry "YUG"]
[EventCategory "9"]
[Source "ChessBase"]
[SourceDate "2000.07.11"]
[WhiteTeamCountry "YUG"]
[BlackTeamCountry "RUS"]

1. e4 c5 2. Nf3 Nc6 3. d4 cxd4 4. Nxd4 g6 5. c4 Bg7 6. Nc2 Nf6 7. Nc3 d6 8. Be2
Nd7 9. Bd2 a5 10. O-O Nc5 11. Qc1 Nb4 12. Nxb4 axb4 13. Nd5 b3 14. axb3 Rxa1
15. Qxa1 O-O 16. Bc3 e5 17. Qa5 Be6 18. Qxd8 Rxd8 19. Ra1 Nxe4 20. Ra7 Bxd5 21.
cxd5 Nxc3 22. bxc3 e4 23. Rxb7 Bxc3 24. Rc7 Ba5 25. Ra7 Bb4 26. Rb7 Ba3 27. Bb5
Bc5 28. Re7 Rb8 29. Re8+ Rxe8 30. Bxe8 f5 31. g3 Kg7 32. Kf1 Kf6 33. Ke2 Ke5
34. Bf7 g5 35. Be6 g4 36. Bf7 Bb4 37. Bg8 h6 38. Bf7 f4 39. gxf4+ Kxf4 40. Be6
Bc5 41. h3 gxh3 42. Bxh3 e3 43. fxe3+ Bxe3 44. Kf1 Kg3 45. Bf5 h5 46. Be4 Bc5
47. b4 Bd4 48. b5 h4 49. Ke2 h3 50. Kf1 Kf4 51. Bh1 1/2-1/2

[Event "Valjevo"]
[Site "Valjevo"]
[Date "2000.06.27"]
[Round "10"]
[White "Velimirovic, Dragoljub"]
[Black "Todorov, Todor Spirov"]
[Result "1-0"]
[WhiteElo "2558"]
[BlackElo "2477"]
[PlyCount "81"]
[EventDate "2000.06.17"]
[EventType "tourn"]
[EventRounds "13"]
[EventCountry "YUG"]
[EventCategory "9"]
[Source "ChessBase"]
[SourceDate "2000.07.11"]
[WhiteTeamCountry "YUG"]
[BlackTeamCountry "RUS"]

1. e4 g6 2. d4 Bg7 3. Nc3 c6 4. f4 d5 5. e5 Nh6 6. Nf3 Bg4 7. h3 Bxf3 8. Qxf3
f6 9. g4 Qb6 10. Ne2 fxe5 11. fxe5 Na6 12. c3 Nc7 13. h4 Rf8 14. Qg3 O-O-O 15.
a4 Qb3 16. Qd3 Kb8 17. Ra3 Qb6 18. a5 Qb5 19. Qg3 c5 20. dxc5 Qxc5 21. Nd4 e6
22. Be3 Qe7 23. a6 Bxe5 24. Qxe5 Nxg4 25. Qg5 Nf6 26. axb7 Qd6 27. Nb3 Ne4 28.
Qg1 Rf3 29. Be2 Rg3 30. Bxa7+ Kxb7 31. Qd4 Rg2 32. Nc5+ Kc8 33. Nxe4 Qf4 34.
Nd2 Qg3+ 35. Kd1 Rf8 36. Rf1 Rxf1+ 37. Bxf1 Rh2 38. Bb6 Rxh4 39. Qc5 Rh1 40.
Ra8+ Kd7 41. Ra7 1-0

[Event "Valjevo"]
[Site "Valjevo"]
[Date "2000.06.29"]
[Round "12"]
[White "Velimirovic, Dragoljub"]
[Black "Stojanovic, Mihajlo"]
[Result "1/2-1/2"]
[WhiteElo "2558"]
[BlackElo "2443"]
[PlyCount "149"]
[EventDate "2000.06.17"]
[EventType "tourn"]
[EventRounds "13"]
[EventCountry "YUG"]
[EventCategory "9"]
[Source "ChessBase"]
[SourceDate "2000.07.11"]
[WhiteTeamCountry "YUG"]
[BlackTeamCountry "RUS"]

1. e4 c5 2. Nf3 Nc6 3. d4 cxd4 4. Nxd4 g6 5. c4 Nf6 6. Nc3 d6 7. Be2 Nxd4 8.
Qxd4 Bg7 9. Be3 O-O 10. Qd2 Be6 11. Rc1 Qa5 12. O-O Rfc8 13. b3 a6 14. f4 Bg4
15. Bd3 Bd7 16. h3 b5 17. e5 dxe5 18. fxe5 b4 19. exf6 bxc3 20. Qxc3 Qxc3 21.
Rxc3 Bxf6 22. Rc2 Bc6 23. b4 Rd8 24. Be2 Be4 25. Rcc1 Rab8 26. b5 axb5 27. cxb5
Bd3 28. Bxd3 Rxd3 29. Bh6 Ra3 30. Rxf6 exf6 31. b6 Raa8 32. Rc6 Ra6 33. Be3
Rxa2 34. Bf4 Rb7 35. Rxf6 Ra1+ 36. Kf2 Ra6 37. Be3 Kf8 38. Rc6 Ke7 39. Bc5+ Ke8
40. Be3 Ra5 41. g4 h5 42. Bc5 h4 43. Kf3 Ra4 44. Bf2 Ra3+ 45. Kg2 Rb3 46. Rc8+
Kd7 47. Rh8 g5 48. Rg8 Rb5 49. Be3 f6 50. Rg7+ Kc6 51. Rg6 Rf7 52. Bd4 Rd5 53.
Rxf6+ Rxf6 54. Bxf6 Kxb6 55. Kf3 Kc6 56. Ke4 Kd6 57. Bd4 Ke6 58. Be3 Ra5 59.
Kf3 Kf6 60. Bd4+ Kg6 61. Be3 Ra3 62. Kf2 Rb3 63. Kf3 Kf6 64. Kf2 Rb2+ 65. Kg1
Re2 66. Bd4+ Ke6 67. Bg7 Ra2 68. Bd4 Ra5 69. Be3 Kf6 70. Bd4+ Kg6 71. Be3 Ra2
72. Bb6 Rd2 73. Be3 Rd5 74. Kf2 Kf6 75. Kf3 1/2-1/2

[Event "Valjevo"]
[Site "Valjevo"]
[Date "2000.06.30"]
[Round "13"]
[White "Pikula, Dejan"]
[Black "Velimirovic, Dragoljub"]
[Result "1/2-1/2"]
[WhiteElo "2476"]
[BlackElo "2558"]
[PlyCount "93"]
[EventDate "2000.06.17"]
[EventType "tourn"]
[EventRounds "13"]
[EventCountry "YUG"]
[EventCategory "9"]
[Source "ChessBase"]
[SourceDate "2000.07.11"]
[WhiteTeamCountry "YUG"]
[BlackTeamCountry "RUS"]

1. e4 c5 2. Nf3 Nc6 3. d4 cxd4 4. Nxd4 g6 5. Nc3 Bg7 6. Be3 Nf6 7. Bc4 O-O 8.
Bb3 d6 9. f3 Na5 10. Qd2 Nxb3 11. axb3 a6 12. Bh6 Bxh6 13. Qxh6 e5 14. Nde2 Be6
15. h4 b5 16. b4 a5 17. Rxa5 Rxa5 18. bxa5 b4 19. Nd1 Qxa5 20. Qg5 Kg7 21. Nf4
h6 22. Nxe6+ fxe6 23. Qd2 Qc5 24. Nf2 d5 25. g4 Nd7 26. Ke2 Nf6 27. Nd3 Qa7 28.
Qe3 Qc7 29. g5 Qxc2+ 30. Qd2 Qxd2+ 31. Kxd2 hxg5 32. hxg5 Nh7 33. Nxe5 Nxg5 34.
Ke3 Nf7 35. Nc6 b3 36. Nd4 Kf6 37. Ra1 Ne5 38. exd5 exd5 39. Ra6+ Kf7 40. Nxb3
Rb8 41. Ra7+ Kf6 42. Ra6+ Kg7 43. Nd4 Rxb2 44. Ne6+ Kf6 45. Nc7+ Kf5 46. Nxd5
Rb3+ 47. Ke2 1/2-1/2

[Event "GRE-chT 29th"]
[Site "Athens"]
[Date "2000.07.08"]
[Round "3"]
[White "Velimirovic, Dragoljub"]
[Black "Zahilas, Loukas"]
[Result "1-0"]
[WhiteElo "2558"]
[BlackElo "2194"]
[PlyCount "65"]
[EventDate "2000.07.06"]
[EventType "team"]
[EventRounds "8"]
[EventCountry "GRE"]
[Source "ChessBase"]
[SourceDate "2000.11.22"]
[WhiteTeamCountry "YUG"]
[BlackTeamCountry "RUS"]

1. e4 e5 2. Nf3 Nc6 3. Bb5 a6 4. Ba4 Nf6 5. O-O Be7 6. Re1 b5 7. Bb3 d6 8. c3
O-O 9. h3 Nd7 10. d4 Bf6 11. a4 Bb7 12. Na3 Re8 13. d5 Ne7 14. Be3 c6 15. dxc6
Bxc6 16. axb5 axb5 17. Qxd6 Qb8 18. Rad1 Qb7 19. Ng5 Rf8 20. Nc2 Nc8 21. Qd3
Bxg5 22. Bxg5 Nc5 23. Qg3 Bxe4 24. Bh6 Bg6 25. Qxe5 Ne6 26. Nd4 gxh6 27. Nxe6
fxe6 28. Bxe6+ Bf7 29. Rd7 Qb8 30. Bxf7+ Rxf7 31. Qe8+ Rf8 32. Qe6+ Kh8 33.
Qf6+ 1-0